Financovanie vzdelávania v Slovenskej republike - história a súčasnosť

Teória ľudského kapitálu. Odvodenie teórie Garym S. Beckerom a Theodorom Schultzom. Cúvanie pred investíciami do ľudí. Verejne poskytované vzdelanie. Optimálne investície do vzdelania. Dôvody trhového zlyhania pri vzdelávaní.

Gespeichert in:
Bibliographische Detailangaben
1. Verfasser: Baláži, Peter
Format: Buchkapitel
Sprache:Slowakisch
Schlagworte:
Tags: Tag hinzufügen
Keine Tags, Fügen Sie das erste Tag hinzu!

MARC

LEADER 00000nla a2200000 4500
001 0165752
005 20240502072904.7
041 0 |a slo 
044 |a SK 
245 1 0 |a Financovanie vzdelávania v Slovenskej republike - história a súčasnosť  |c Peter Baláži 
520 |a Teória ľudského kapitálu. Odvodenie teórie Garym S. Beckerom a Theodorom Schultzom. Cúvanie pred investíciami do ľudí. Verejne poskytované vzdelanie. Optimálne investície do vzdelania. Dôvody trhového zlyhania pri vzdelávaní. 
610 2 0 |a teórie ekonomické 
610 2 0 |a politika vzdelávania 
610 2 0 |a história 
610 2 0 |a Slovensko 
610 2 0 |a financovanie školstva 
610 2 0 |a financovanie výskumu 
610 2 0 |a financovanie vedy 
100 1 |a Baláži, Peter